Acta de la sexta Junta General de la Sociedad para Propagar y Mejorar la Educación del Pueblo celebrada el día 2 de junio de 1844 o Relación de las operaciones y progresos de esta Sociedad durante el quinto año de su establecimiento. (Record no. 165497)
[ view plain ]
| 000 -LEADER | |
|---|---|
| campo de control de longitud fija | 01212nam a2200241 i 4500 |
| 001 - NÚMERO DE CONTROL | |
| campo de control | 165497 |
| 003 - IDENTIFICADOR DE NÚMERO DE CONTROL | |
| campo de control | ES-MaACL |
| 005 - FECHA Y HORA DE LA ÚLTIMA TRANSACCIÓN | |
| campo de control | 20251220190209.0 |
| 008 - DATOS DE LONGITUD FIJA--INFORMACIÓN GENERAL | |
| campo de control de longitud fija | 990324s1844 sp |||| | spa d |
| 080 ## - NÚMERO DE LA CLASIFICACIÓN DECIMAL UNIVERSAL | |
| Número de la Clasificación Decimal Universal | 061.235(460.27 M.) |
| 110 2# - ENTRADA PRINCIPAL--NOMBRE DE ENTIDAD CORPORATIVA | |
| Nombre de entidad corporativa o nombre de jurisdicción como elemento de entrada | Sociedad para Propagar y Mejorar la Educación del Pueblo. |
| 9 (RLIN) | 134919 |
| 245 10 - MENCIÓN DEL TÍTULO | |
| Título | Acta de la sexta Junta General de la Sociedad para Propagar y Mejorar la Educación del Pueblo celebrada el día 2 de junio de 1844 o Relación de las operaciones y progresos de esta Sociedad durante el quinto año de su establecimiento. |
| 260 ## - PUBLICACIÓN, DISTRIBUCIÓN, ETC. | |
| Lugar de publicación, distribución, etc. | Madrid : |
| Nombre del editor, distribuidor, etc. | [s.n.], |
| Fecha de publicación, distribución, etc. | 1844 ( |
| Fabricante | Imp. del Colegio Nacional de Sordo-Mudos y Ciegos) |
| 300 ## - DESCRIPCIÓN FÍSICA | |
| Extensión | 48 p. ; |
| Dimensiones | 20 cm. |
| 530 ## - NOTA DISPONIBLE DE FORMULARIO FÍSICO ADICIONAL | |
| Nota de formato físico adicional disponible | Disponible en formato digital. |
| 594 ## - Nota al título y mención de responsabilidad | |
| Nota al título y mención de responsabilidad | Firma el acta Mateo Seoane |
| 610 24 - PUNTO DE ACCESO ADICIONAL DE MATERIA--NOMBRE DE ENTIDAD CORPORATIVA | |
| Nombre de entidad corporativa o nombre de jurisdicción como elemento de entrada | Sociedad para Propagar y Mejorar la Educación del Pueblo- |
| Subdivisión de forma | Actas. |
| 9 (RLIN) | 134920 |
| 700 1# - ENTRADA AGREGADA--NOMBRE PERSONAL | |
| Nombre de persona | Seoane, Mateo, |
| Fechas asociadas al nombre | 1791-1870 |
| 9 (RLIN) | 132650 |
| 852 4# - LOCALIZACIÓN | |
| Ubicación | ES-MaACL |
| Número de control de estantería | T-6-F-17 |
| Nota libre | - Enc. hol. |
| -- | - Enc. en un vol. facticio |
| 852 4# - LOCALIZACIÓN | |
| Ubicación | ES-MaACL |
| Número de control de estantería | T-21-F-6 |
| 856 4# - LOCALIZACIÓN Y ACCESO ELECTRÓNICOS | |
| Identificador Uniforme de Recursos | <a href="https://bibliotecavirtualmadrid.comunidad.madrid/bvmadrid_publicacion/es/consulta/registro.do?id=2324">https://bibliotecavirtualmadrid.comunidad.madrid/bvmadrid_publicacion/es/consulta/registro.do?id=2324</a> |
| Nota pública | Biblioteca Digital de Madrid |
| Estatus retirado | Estado de pérdida | Estado de daño | No para préstamo | Colección | Biblioteca de origen | Biblioteca actual | Ubicación en estantería | Fecha de adquisición | Total de préstamos | Signatura topográfica completa | Código de barras | Visto por última vez | Precio de reemplazo | Tipo de ítem Koha | Fuente de adquisición |
|---|---|---|---|---|---|---|---|---|---|---|---|---|---|---|---|
| Colección de folletos | Biblioteca del Ateneo de Madrid | Biblioteca del Ateneo de Madrid | Depósito folletos | 17/01/2008 | T-6-F-17 | 1173554 | 23/02/2023 | 23/02/2023 | Folleto | ||||||
| Colección de folletos | Biblioteca del Ateneo de Madrid | Biblioteca del Ateneo de Madrid | Depósito folletos | 04/04/2005 | T-21-F-6 | 1201838 | 23/02/2023 | 23/02/2023 | Folleto |
